000
00324pam a2200145 a 4500
020
_c
041
_h
082
_a
741.235
_b
MAR
100
_a
paul Hardy.
245
_a
Light in pastel
_b
Light in pastel
_h
Textual Documents
250
_a
2004.
260
_a
[s.l]:
_b
Search Press
300
_a
48:
_b
paper.
930
_a
3360
999
_c
237150
_d
237150